| 000 | 00963cam a2200313 i 4500 | ||
|---|---|---|---|
| 001 | 4427411 | ||
| 003 | ARRUPE | ||
| 005 | 20140930165624.0 | ||
| 008 | 761103s1977 pau b 000 0 eng | ||
| 010 | _a76053765 | ||
| 020 | _a0664241336 | ||
| 035 | _a(OCoLC)2597221 | ||
| 035 | _a(OCoLC)ocm02597221 | ||
| 035 | _a(NNC)4427411 | ||
| 040 |
_aDLC _cDLC _dNNUT |
||
| 050 | 0 |
_aBT198 _b.R63 |
|
| 090 |
_aBT198 _b.R63 |
||
| 100 | 1 |
_aRogers, Jack Bartlett. _911893 |
|
| 245 | 1 | 0 |
_aCase studies in Christ and salvation / _cby Jack Rogers, Ross Mackenzie, Louis Weeks. |
| 260 |
_aPhiladelphia : _bWestminster Press, _cc1977. |
||
| 300 |
_a176 p. ; _c23 cm. |
||
| 504 | _aIncludes bibliographies. | ||
| 600 | 0 | 0 |
_aJesus Christ _xHistory of doctrines. _97447 |
| 650 | 0 |
_aSalvation _xChristianity _xHistory of doctrines. _911894 |
|
| 700 | 1 |
_aMackenzie, Ross, _d1927- _911895 |
|
| 700 | 1 |
_aWeeks, Louis, _d1941- _911896 |
|
| 942 |
_2lcc _cMONOGRAPH |
||
| 999 |
_c121025 _d121025 |
||